Děti žalu /
Uloženo v:
| Hlavní autor: | |
|---|---|
| Médium: | E-kniha |
| Jazyk: | Czech |
| Vydáno: |
Praha :
Albatros Media a.s.,
2004
|
| Tagy: |
Žádné tagy |
| LEADER | 00856nam a22002177i 4500 | ||
|---|---|---|---|
| 001 | 307226 | ||
| 007 | ta | ||
| 008 | 260601s2004 xr ||||| |||| 00| 0 cze d | ||
| 020 | |a 9990000075416 | ||
| 044 | |a xr | ||
| 100 | 1 | |a Neomillnerová, Petra |4 aut | |
| 245 | 1 | 0 | |a Děti žalu / |c Neomillnerová, Petra |
| 264 | 1 | |a Praha : |b Albatros Media a.s., |c 2004 | |
| 300 | |a 1 online zdroj | ||
| 336 | |a text |b txt |2 rdacontent | ||
| 337 | |a bez média |b n |2 rdamedia | ||
| 338 | |a online zdroj |b cr |2 rdacarrier | ||
| 910 | |a RBIT002 | ||
| 998 | |d 7541 |a https://core.palmknihy.cz/api/books/7541/cover?10ae04 |b https://core.palmknihy.cz/api/books/7541/cover/400?wye1ua |c https://core.palmknihy.cz/api/books/7541/cover/50?y5zo02 |e |i 9990000075416 |j https://core.palmknihy.cz/api/books/7541/preview.epub |l |q 0 |r 1 |s https://www.palmknihy.cz/kniha/7541 |t ebook |y 2004 |z 1 | ||
| 999 | |d 307224 | ||